000 00330nam a2200121Ia 4500
008 220216s9999 xx 000 0 und d
100 _aMathew Koshy
245 0 _aAction plan for improving our small rubber holders yield
260 _bRubber Board Bulletin
_c1988
300 _a17-21
650 _aRubber smallholder
942 _cJS
999 _c53766
_d53766